00250nam a2200109Ia 4500008004100000100001600041245002400057260002100081260000900102546001200111999001700123170619s9999 xx 000 0 und d aThomson W T 0aTheory of vibration bNew Delhi; C B S c2002 aENGLISH c18035d18035